000 00318nam a22001337a 4500
020 _a978-1-84255-066-3
082 _a823
_bSIM/H
100 _aFRANCESCA SIMON
245 _aHORRID HENRY'S STINKBOMB
260 _aGREAT BRITIAN
_bORION
_c2002
300 _a83
650 _aCHILDREN STORY BOOK
_zUNITED KINGDOM
942 _cBK
999 _c100
_d100